Normal view
MARC view
Entry Personal Name
001 - CONTROL NUMBER
- control field: 1240020
003 - CONTROL NUMBER IDENTIFIER
- control field: OSt
005 - DATE AND TIME OF LATEST TRANSACTION
- control field: 20260514122718.0
008 - FIXED-LENGTH DATA ELEMENTS
- fixed length control field: 260514|| aca||aabn | a|a d
040 ## - CATALOGING SOURCE
- Original cataloging agency: OSt
- Transcribing agency: OSt
100 ## - HEADING--PERSONAL NAME
- Personal name: Dr.Sushanto Neogi
670 ## - SOURCE DATA FOUND
- Source citation: Work cat.: (OSt)1851653: Niket Harsh 1240019, Comparative Study of Mini-Laparoscopic Cholecystectomy and Conventional Laparoscopic Cholecystectomy with Special Refernce to Postoperative Pain and Cosmetic Outcome.
